Federal problem in India (Record no. 20018)

MARC details
000 -LEADER
fixed length control field 00266nam a2200109Ia 4500
082 ## - DEWEY DECIMAL CLASSIFICATION NUMBER
Classification number 342.24(540)
Item number GAD
100 ## - MAIN ENTRY--AUTHOR NAME
Personal name GADGIL, D R
245 #0 - TITLE STATEMENT
Title Federal problem in India
260 ## - PUBLICATION, DISTRIBUTION, ETC. (IMPRINT)
Place of publication Poona
Name of publisher Gokhale
Year of publication 1947
942 ## - ADDED ENTRY ELEMENTS (KOHA)
Koha item type Books
Holdings
Withdrawn status Lost status Damaged status Not for loan Home library Current library Date acquired Full call number Accession Number Koha item type
        RRII Library RRII Library 16/12/2021 342.24(540) GAD 00746 Books